[Event "21st Dubai Open 2019"]
[Site "Dubai"]
[Date "2019.04.07"]
[Round "7.37"]
[White "Sultan, Ibrahim"]
[Black "Ravi, Thandalam Shanmugam"]
[Result "1/2-1/2"]
[WhiteElo "2121"]
[BlackElo "2276"]
[Annotator "NA"]
[PlyCount "114"]
[EventDate "2019.04.01"]
[EventType "swiss"]
[EventCountry "UAE"]
[SourceTitle "playchess.com"]
[Source "ChessBase"]
[SourceQuality "1"]
[TimeControl "5400+30"]

1. d4 {[%emt 0:05:48]} Nf6 {[%emt 0:00:18]} 2. c4 {[%emt 0:00:05]} e6 {[%emt 0:00:06]} 3. Nf3 {[%emt 0:00:03]} d5 {[%emt 0:00:22]} 4. g3 {[%emt 0:00:05]} dxc4 {[%emt 0:00:35]} 5. Bg2 {[%emt 0:00:05]} Nc6 {[%emt 0:00:39]} 6. O-O {[%emt 0:00:05]} Rb8 {[%emt 0:01:10]} 7. e3 {[%emt 0:00:07]} b5 {[%emt 0:01:11]} 8. Qe2 {[%emt 0:01:07] E04: Open Catalan: 5 Nf3} Be7 {[%emt 0:03:52]} 9. b3 {[%emt 0:00:29]} cxb3 {[%emt 0:00:42]} 10. axb3 {[%emt 0:00:04]} a6 {[%emt 0:00:42]} 11. Bd2 {[%emt 0:01:52]} O-O {[%emt 0:07:40]} 12. Rc1 {[%emt 0:00:40]} Bb7 {[%emt 0:01:10]} 13. Ne1 {[%emt 0:13:27]} Nb4 {[%emt 0:20:21]} (13... Nd5 14. Nd3 Qd7 15. Nc3 {1-0 (24) So,W (2780)-Wei,Y (2729) chess.com INT 2018}) 14. Bxb7 {[%emt 0:00:11]} Rxb7 {[%emt 0:00:06]} 15. Bxb4 {[%emt 0:00:08]} Bxb4 {[%emt 0:00:05]} 16. Rxa6 {[%emt 0:00:19]} Bxe1 {[%emt 0:01:38]} 17. Qxe1 {[%emt 0:00:29]} Qd5 $146 {[%emt 0:10:18]} 18. Qc3 {[%emt 0:02:27]} Ne4 {[%emt 0:09:19]} 19. Qc6 {[%emt 0:03:15]} Qf5 {[%emt 0:00:30]} 20. Ra2 {[%emt 0:04:09]} Ra7 {[%emt 0:05:22]} 21. Rac2 {[%emt 0:13:01]} b4 {[%emt 0:01:30]} 22. Kg2 {[%emt 0:07:59]} Rfa8 {[%emt 0:09:31]} 23. f3 {[%emt 0:00:38]} Nf6 {[%emt 0:07:49]} 24. e4 {[%emt 0:00:04]} Qg5 {[%emt 0:01:42]} 25. Qc5 {[%emt 0:00:09]} Qe3 {[%emt 0:01:51]} 26. Qxb4 {[%emt 0:03:53]} Ra2 {[%emt 0:00:33]} 27. Qd2 {[%emt 0:00:57]} Qxb3 {[%emt 0:00:14]} 28. Nc3 {[%emt 0:00:42]} Rxc2 {[%emt 0:01:11]} 29. Qxc2 {[%emt 0:01:04]} Qc4 {[%emt 0:00:30]} 30. Ne2 {[%emt 0:00:26]} Qa6 {[%emt 0:02:07]} 31. Kf2 {[%emt 0:00:29]} Ne8 {[%emt 0:01:36]} 32. Ke3 {[%emt 0:03:19]} Rb8 {[%emt 0:04:42]} 33. Qc3 {[%emt 0:04:00]} h6 {[%emt 0:01:49]} 34. Nf4 {[%emt 0:02:04]} Nd6 {[%emt 0:01:12]} 35. Nd3 {[%emt 0:01:01]} Nb5 {[%emt 0:01:49]} 36. Ra1 {[%emt 0:02:43]} Qd6 {[%emt 0:01:03]} 37. Qc5 {[%emt 0:00:28]} Rd8 {[%emt 0:00:31]} 38. Ra4 {[%emt 0:01:21]} Qxc5 {[%emt 0:01:11]} 39. Nxc5 {[%emt 0:06:26]} Kf8 {[%emt 0:00:52]} 40. Rb4 {[%emt 0:05:58]} Nd6 {[%emt 0:00:05]} 41. Nd3 {[%emt 0:01:03]} Ra8 {[%emt 0:00:22]} 42. h4 {[%emt 0:03:39]} Ke7 {[%emt 0:00:53]} 43. h5 {[%emt 0:00:20]} f6 {[%emt 0:01:06]} 44. g4 {[%emt 0:00:17]} Ra3 {[%emt 0:00:13]} 45. f4 {[%emt 0:13:07]} f5 {[%emt 0:00:28]} 46. gxf5 {[%emt 0:00:49]} exf5 {[%emt 0:00:04]} 47. e5 {[%emt 0:00:07]} Ne4 {[%emt 0:00:14]} 48. Rb7 {[%emt 0:01:38]} Kd7 {[%emt 0:00:35]} 49. Rb8 {[%emt 0:00:27]} c5 {[%emt 0:01:09]} 50. Ke2 {[%emt 0:00:47]} cxd4 {[%emt 0:00:55]} 51. Rb7+ {[%emt 0:00:09]} Ke6 {[%emt 0:00:13]} 52. Rxg7 {[%emt 0:00:25]} Nc3+ {[%emt 0:00:29]} 53. Kf3 {[%emt 0:01:31]} Ne4 {[%emt 0:00:59]} 54. Ke2 {[%emt 0:00:04]} Ra2+ {[%emt 0:00:19]} 55. Ke1 $1 {[%emt 0:00:16]} Ra1+ $11 {[%emt 0:00:38]} (55... Rh2 $1 $15 56. Nb4 (56. Rg6+ $2 Kd5 $19) 56... Rxh5 57. Rg6+ Kf7) 56. Ke2 {[%emt 0:00:05]} Ra2+ {[%emt 0:00:34]} 57. Ke1 {[%emt 0:00:04]} Ra1+ {[%emt 0:00:42]} 1/2-1/2

[Event "21st Dubai Open 2019"]
[Site "Dubai"]
[Date "2019.04.07"]
[Round "7.38"]
[White "Loay, Sameer"]
[Black "Ranaldi, Lucas"]
[Result "1/2-1/2"]
[WhiteElo "2073"]
[BlackElo "2275"]
[Annotator "NA"]
[PlyCount "117"]
[EventDate "2019.04.01"]
[EventType "swiss"]
[EventCountry "UAE"]
[SourceTitle "playchess.com"]
[Source "ChessBase"]
[SourceQuality "1"]
[TimeControl "5400+30"]

1. Nf3 {[%emt 0:00:00]} Nf6 {[%emt 0:00:00]} 2. g3 {[%emt 0:00:00]} b6 {[%emt 0:00:00]} 3. Bg2 {[%emt 0:00:00]} Bb7 {[%emt 0:00:00]} 4. O-O {[%emt 0:00:00]} c5 {[%emt 0:00:04]} 5. d3 {[%emt 0:00:30]} d5 {[%emt 0:03:05]} 6. Nbd2 {[%emt 0:00:06]} e6 {[%emt 0:02:18]} 7. e4 {[%emt 0:00:53]} Be7 {[%emt 0:00:44]} 8. Re1 {[%emt 0:00:42]} Nc6 {[%emt 0:00:43]} 9. exd5 {[%emt 0:00:51]} Nxd5 {[%emt 0:04:14]} 10. Nc4 {[%emt 0:06:18]} O-O {[%emt 0:00:55]} 11. Nfe5 {[%emt 0:06:56]} Nxe5 {[%emt 0:02:21]} 12. Nxe5 {[%emt 0:00:09]} Qc7 {[%emt 0:00:33]} 13. Qe2 {[%emt 0:01:18]} Rac8 {[%emt 0:05:30]} 14. h4 {[%emt 0:02:36]} Nf6 {[%emt 0:11:06]} 15. Bxb7 {[%emt 0:00:25]} Qxb7 {[%emt 0:01:26]} 16. a4 {[%emt 0:02:45]} a6 {[%emt 0:04:55]} 17. Bd2 {[%emt 0:02:13]} Rfd8 {[%emt 0:02:34]} 18. Qf3 {[%emt 0:19:44]} Qxf3 {[%emt 0:05:56]} 19. Nxf3 {[%emt 0:00:09]} Nd5 {[%emt 0:07:26]} 20. c3 {[%emt 0:06:36]} Bf6 {[%emt 0:10:18]} 21. Bg5 {[%emt 0:01:13]} Bxg5 {[%emt 0:00:18]} 22. hxg5 {[%emt 0:00:09]} Ne7 {[%emt 0:01:01]} 23. d4 {[%emt 0:01:50]} cxd4 {[%emt 0:02:15]} 24. Nxd4 {[%emt 0:00:10]} Rd5 {[%emt 0:02:11]} 25. Nf3 {[%emt 0:01:16]} Rcd8 {[%emt 0:00:42]} 26. Kg2 {[%emt 0:06:44]} Nc6 {[%emt 0:02:03]} 27. Re4 {[%emt 0:00:54]} Rf5 {[%emt 0:05:28]} 28. Rc4 {[%emt 0:11:29]} Ne7 {[%emt 0:01:22]} 29. Rc7 {[%emt 0:00:51]} Ng6 {[%emt 0:04:01]} 30. Ra7 {[%emt 0:04:36]} a5 {[%emt 0:01:55]} 31. Rb7 {[%emt 0:00:17]} Rd6 {[%emt 0:02:10]} 32. Re1 {[%emt 0:02:06]} h6 {[%emt 0:01:55]} 33. gxh6 {[%emt 0:01:09]} gxh6 {[%emt 0:00:02]} 34. Re4 {[%emt 0:02:49]} e5 {[%emt 0:01:55]} 35. Re2 {[%emt 0:06:28]} h5 {[%emt 0:00:42]} 36. Nd2 {[%emt 0:00:34]} Rc6 {[%emt 0:01:56]} 37. Ne4 {[%emt 0:00:35]} h4 {[%emt 0:02:10]} 38. Rd2 {[%emt 0:00:58]} Kg7 {[%emt 0:05:05]} 39. Rdd7 {[%emt 0:04:14]} Nf8 {[%emt 0:02:35]} 40. Nd6 {[%emt 0:06:30]} h3+ {[%emt 0:04:51]} 41. Kxh3 {[%emt 0:00:14]} Rh5+ {[%emt 0:00:16]} 42. Kg4 {[%emt 0:00:17]} Nxd7 {[%emt 0:00:21]} 43. Rxd7 {[%emt 0:00:15]} Rh7 {[%emt 0:01:18]} 44. Kf5 {[%emt 0:02:53]} Rh5+ {[%emt 0:00:15]} 45. Kg4 {[%emt 0:00:04]} Kg6 {[%emt 0:00:29]} 46. Nxf7 {[%emt 0:01:23]} Rf6 {[%emt 0:00:48]} 47. Nd6 {[%emt 0:00:05]} Rg5+ {[%emt 0:00:37]} 48. Kh3 {[%emt 0:00:18]} Rxf2 {[%emt 0:00:18]} 49. Ne4 {[%emt 0:00:09]} Rh5+ {[%emt 0:00:08]} 50. Kg4 {[%emt 0:00:04]} Rfh2 {[%emt 0:00:37]} 51. Rd6+ {[%emt 0:00:07]} Kf7 {[%emt 0:00:23]} 52. Rxb6 {[%emt 0:00:22]} Rh8 {[%emt 0:00:16]} 53. Ng5+ {[%emt 0:01:12]} Kg7 {[%emt 0:01:04]} 54. Rb7+ {[%emt 0:00:23]} Kf6 {[%emt 0:00:30]} 55. Rb6+ {[%emt 0:00:06]} Kg7 {[%emt 0:00:23]} 56. Rb7+ {[%emt 0:00:42]} Kf6 {[%emt 0:00:32]} 57. Rb6+ {[%emt 0:00:05]} Kg7 {[%emt 0:00:06]} 58. Rb7+ {[%emt 0:00:07]} Kf6 {[%emt 0:00:13]} 59. Rb6+ {[%emt 0:01:36]} 1/2-1/2

[Event "21st Dubai Open 2019"]
[Site "Dubai"]
[Date "2019.04.08"]
[Round "8.1"]
[White "Iturrizaga Bonelli, Eduardo"]
[Black "Matlakov, Maxim"]
[Result "1/2-1/2"]
[WhiteElo "2633"]
[BlackElo "2692"]
[Annotator "TA"]
[PlyCount "47"]
[EventDate "2019.04.01"]
[EventType "swiss"]
[EventCountry "UAE"]
[SourceTitle "playchess.com"]
[Source "ChessBase"]
[SourceQuality "1"]

{[%evp 18,47,23,10,12,10,0,0,19,0,0,0,0,0,0,0,0,0,0,0,0,0,0,0,0,0,0,0,0,0,0,0]} 1. d4 Nf6 2. Nf3 d5 3. c4 e6 4. Nc3 Bb4 5. Bg5 dxc4 6. e4 c5 7. Bxc4 cxd4 8. Nxd4 Bxc3+ 9. bxc3 Qa5 10. Bxf6 Qxc3+ {[%mdl 64] [#] Double Attack. The position is equal. D39: Queen's Gambit Declined: Ragozin Defence with 5 Bg5 dxc4} 11. Kf1 gxf6 12. Bb5+ Nd7 13. Nf5 {Black must now prevent Rc1.} (13. h4 Qb4 14. Rh3 a6 15. Be2 Ne5 16. Rb1 Qd6 17. Rc3 O-O 18. Qd2 Ng6 19. h5 Nf4 20. Qe3 e5 21. Nc2 {½-½ (33) Grischuk,A (2766)-Karjakin,S (2773) Saint Louis 2018}) 13... exf5 14. Rc1 Qe5 {[%mdl 64] [#] Double Attack} 15. Rxc8+ $1 {[%mdl 576] Remove Defender, Decoy} Rxc8 16. Qxd7+ {[%mdl 64] Double Attack} Kf8 17. Qxc8+ Kg7 18. Qxf5 Qa1+ {[%mdl 64] Double Attack} 19. Ke2 Qxh1 {[%mdl 64] [#] Double Attack} 20. Qg4+ $146 ({Predecessor:} 20. e5 Qxg2 21. Qxf6+ Kg8 22. Qd8+ Kg7 23. Qf6+ Kg8 24. Qd8+ Kg7 25. Qf6+ Kg8 {½-½ (25) Grigoriants,S (2579)-Lysyj,I (2641) Legnica 2013}) 20... Kf8 {And now ...h5 would win.} 21. Qc8+ {[%mdl 64] Double Attack} Kg7 22. Qg4+ Kf8 {Threatens to win with ...h5.} 23. Qc8+ {[%mdl 64] Double Attack} Kg7 24. Qg4+ 1/2-1/2

[Event "21st Dubai Open 2019"]
[Site "Dubai"]
[Date "2019.04.08"]
[Round "8.2"]
[White "Indjic, Aleksandar"]
[Black "Kuzubov, Yuriy"]
[Result "1/2-1/2"]
[WhiteElo "2592"]
[BlackElo "2653"]
[Annotator "TA"]
[PlyCount "63"]
[EventDate "2019.04.01"]
[EventType "swiss"]
[EventCountry "UAE"]
[SourceTitle "playchess.com"]
[Source "ChessBase"]
[SourceQuality "1"]

{[%evp 14,63,0,0,0,0,0,0,0,0,0,-4,0,0,8,4,0,0,17,0,0,1,10,0,0,0,0,0,0,0,29,33,26,33,31,29,19,4,2,0,0,0,0,0,0,0,0,0,0,0,0,0]} 1. Nf3 d5 2. e3 Nf6 3. c4 e6 4. Nc3 c5 5. cxd5 exd5 6. Bb5+ Nc6 7. d4 cxd4 8. exd4 Bd6 {B14: Caro-Kann: Panov-Botvinnik Attack with 5...e6 and 5...g6} 9. O-O (9. Bg5 Be6 10. O-O O-O 11. Re1 Rc8 12. Ne5 h6 13. Bh4 g5 14. Bg3 Ne7 15. Nd7 Bxd7 16. Bxd6 Re8 17. Qf3 Nf5 18. Be5 Ne4 19. Bxd7 Qxd7 20. Nxd5 {1-0 (20) Mamedyarov,S (2801)-Anand,V (2768) Saint Louis 2018}) 9... O-O 10. Bg5 Bg4 11. Bxc6 bxc6 12. Qd3 h6 13. Bh4 $1 Bxf3 14. Qxf3 g5 15. Bg3 Re8 16. Rae1 Rxe1 17. Rxe1 Bxg3 {[#]} 18. hxg3 $146 ({Predecessor:} 18. Qxg3) 18... Qd6 19. Re5 Re8 20. Qf5 Re6 21. Nd1 Nd7 22. Rxe6 Qxe6 23. Ne3 Kg7 24. g4 Nf6 25. Kf1 {The position is equal.} Kf8 26. Ke2 Qxf5 27. Nxf5 Nxg4 $11 {KN-KN} 28. f3 Nf6 29. Nxh6 Nh5 30. Ng4 f6 31. Ne3 Ke7 32. Nf5+ {Accuracy: White = 89%, Black = 90%.} 1/2-1/2

[Event "21st Dubai Open 2019"]
[Site "Dubai"]
[Date "2019.04.08"]
[Round "8.3"]
[White "Adly, Ahmed"]
[Black "Abdusattorov, Nodirbek"]
[Result "0-1"]
[WhiteElo "2620"]
[BlackElo "2578"]
[Annotator "TA"]
[PlyCount "92"]
[EventDate "2019.04.01"]
[EventType "swiss"]
[EventCountry "UAE"]
[SourceTitle "playchess.com"]
[Source "ChessBase"]
[SourceQuality "1"]

{[%evp 9,92,0,-3,-8,0,-10,0,0,0,-19,-8,-23,-8,-25,-23,-11,-18,-15,-19,-22,-12,-72,-52,-78,-67,-109,-55,-80,-60,-80,-53,-118,-113,-114,-119,-124,-116,-134,-103,-138,-112,-87,-42,-141,-29,-93,-93,-95,-64,-188,-186,-177,-33,-66,-56,-45,55,24,76,0,-9,-231,-233,-251,-272,-249,-255,-239,-208,-768,-757,-994,-989,-1183,-1168,-1212,-1183,-1183,-1181,-1183,-1183,-1183,-1166,-29975,-29976]} 1. d4 Nf6 2. Nf3 e6 3. g3 b5 4. Bg2 Bb7 5. a4 b4 6. c4 {A46: 1 d4 Nf6 2 Nf3 e6: Torre, London and Colle Systems} (6. O-O c5 7. c3 cxd4 8. cxd4 Be7 9. Nbd2 O-O 10. a5 d5 11. Nb3 Ba6 12. Ne5 Nfd7 13. Be3 Nxe5 14. dxe5 Nc6 15. f4 {0-1 (92) Kravtsiv,M (2621)-Moiseenko,A (2692) Berlin 2015}) 6... bxc3 7. Nxc3 a5 8. O-O {The position is equal.} Na6 9. Bf4 $146 ({Predecessor:} 9. Re1 d5 10. Ne5 c5 11. Bg5 cxd4 12. Qxd4 {½-½ (23) Trichkov,V (2395)-Chloupek,S (2295) Czechia 1993}) 9... Be7 10. Qb1 d5 11. Ne5 O-O 12. Rc1 c6 13. e4 Qb6 14. Be3 Nb4 15. g4 (15. Na2 $11) 15... Qd8 $17 16. g5 Nd7 17. Nf3 Ba6 (17... c5 $17 18. exd5 exd5) 18. Rd1 $15 Rb8 19. h4 Kh8 20. Rd2 ({White should play} 20. Bf4 $15) 20... f5 $17 21. exf5 Rxf5 22. Ne2 Qf8 23. Nh2 Bd6 24. Ng3 Bxg3 25. fxg3 Qd6 26. Bf2 (26. Bf4 $1 $15 Rxf4 27. gxf4) 26... Rbf8 (26... c5 $17 {White must now prevent ...cxd4.} 27. dxc5 Nxc5 28. Bxc5 Qxc5+ 29. Kh1 Rf2) 27. Ra3 (27. Ng4 $11 {keeps the balance.}) 27... e5 28. Bh3 R5f7 {aiming for ...e4.} 29. g6 (29. Bxd7 $1 $15 Qxd7 30. dxe5) 29... hxg6 $19 30. Bxd7 {[#]} Qxd7 (30... exd4 $1 $19 31. Bh3 d3) 31. dxe5 Rf5 $36 {[%mdl 2048] Black has good play.} 32. Bc5 Re8 (32... R8f7 $15) 33. Nf3 $14 Bc4 (33... Bb7 $11 {remains equal.}) 34. Re3 (34. Rc3 $16) 34... Na6 $11 35. Bd6 $2 (35. b3 $1 $11 {and White stays safe.} Bxb3 36. Bd6) 35... Qa7 $1 $19 {[%csl LRe3,LRf3]} 36. Nd4 {Kh2 is the strong threat.} Rf1+ 37. Qxf1 Bxf1 38. Kxf1 Nc5 39. Nxc6 $2 (39. Bxc5 Qxc5 40. Kg2) 39... Qa6+ {[%mdl 64] [#] Double Attack} 40. Kg1 Ne4 (40... Qxc6 $2 41. Rc3 $17) 41. Rxe4 dxe4 42. Nd4 e3 43. Rg2 Rc8 44. Nb5 Rc1+ 45. Kh2 Qc6 {( -> ...e2!)} 46. Nc3 Rf1 {Accuracy: White = 29%, Black = 52%.} 0-1

[Event "21st Dubai Open 2019"]
[Site "Dubai"]
[Date "2019.04.08"]
[Round "8.4"]
[White "Debashis, Das"]
[Black "Tabatabaei, M.amin"]
[Result "1/2-1/2"]
[WhiteElo "2538"]
[BlackElo "2612"]
[Annotator "TA"]
[PlyCount "108"]
[EventDate "2019.04.01"]
[EventType "swiss"]
[EventCountry "UAE"]
[SourceTitle "playchess.com"]
[Source "ChessBase"]
[SourceQuality "1"]

{[%evp 17,108,18,58,13,27,20,26,25,22,8,20,5,9,12,28,0,10,0,0,0,39,-5,7,0,7,-60,-60,-96,0,0,0,-28,-31,-41,-42,-76,-80,-197,-189,-260,-276,-310,-297,-292,-271,-264,-255,-248,-231,-229,-179,-181,-170,-180,-133,-134,-133,-130,-100,-280,-282,-281,-283,-228,-258,-293,-389,-387,-350,-682,-668,-578,-37,-29,0,0,995,995,882,0,0,0,0,0,0,0,0,0,0,0,0,0,0]} 1. d4 f5 2. c4 Nf6 3. g3 g6 4. Bg2 Bg7 5. Nf3 O-O 6. O-O d6 7. Nc3 c6 8. b3 Na6 9. Bb2 Bd7 10. Rc1 {A88: Dutch Defence: Leningrad System: 5 Nf3 0-0 6 0-0 d6 7 Nc3 c6} Re8 11. d5 e5 12. dxe6 {White has an edge.} Bxe6 13. e3 Qe7 14. Qe2 Nc5 15. Rfd1 Rad8 16. Rc2 $146 ({Predecessor:} 16. Ng5 Bc8 17. b4 h6 {½-½ (115) Rodriguez Rueda,P (2244)-Arizmendi Martinez,J (2553) La Massana 2014}) 16... h6 17. Qf1 Bf7 18. Nd4 a5 {[%cal Ba7a5,Ba5a4][%mdl 32]} 19. Ba3 (19. Bxc6 $5 bxc6 20. Nxc6 $14 {[%mdl 64] Double Attack}) 19... Kh7 20. Qe1 Ra8 21. Kh1 (21. Nde2 $11) 21... a4 $1 $15 {[%cal Ra4b3]} 22. b4 {[#]} Nce4 ({Black should try} 22... Ncd7 $1 $17 23. c5 dxc5) 23. Nxe4 $11 Nxe4 24. b5 c5 $36 {[%mdl 2048] Black fights for an advantage.} 25. Ne2 g5 26. Rdc1 b6 27. Rb1 (27. Kg1 $17) 27... d5 $19 28. cxd5 (28. Kg1 $142) 28... Bxd5 29. Ng1 Rad8 30. Rbc1 Qe6 31. Qe2 c4 32. f3 Nd6 33. Bxd6 Rxd6 34. e4 Qf6 ({Don't play} 34... fxe4 35. fxe4 Qxe4 36. Bxe4+) 35. Nh3 Bf7 36. f4 gxf4 37. Nxf4 Qe5 38. Re1 $2 (38. Rxc4 $17 {is a better defense.} Bxc4 39. Qxc4) 38... Qxb5 39. Qf1 fxe4 40. Bxe4+ Kg8 41. Qf3 c3 42. Rce2 Rd2 43. Rxd2 $2 (43. Bd5 Rdxe2 44. Bxf7+ Kxf7 45. Rxe2) 43... cxd2 44. Rd1 {If only White now had time for Kg2....} Qb4 $2 (44... Qc4 $19 45. Bd3 Qxa2) 45. Bd5 $15 {[#] Strongly threatening Bxf7+.} Re1+ 46. Kg2 Rxd1 $4 {[%mdl 8192]} (46... Qa5 $11 47. Bxf7+ Kxf7) 47. Bxf7+ $18 Kxf7 48. Qd5+ $2 (48. Nd5+ $18 Kg8 49. Nxb4) 48... Ke7 $11 {The position is equal.} 49. Qb7+ Kd6 {Threatens to win with ...Rg1+.} 50. Qd5+ Ke7 51. Qb7+ Kd6 52. Qd5+ Ke7 53. Qb7+ Kd6 {...Rg1+! is the strong threat.} 54. Qd5+ Ke7 {Accuracy: White = 33%, Black = 55%.} 1/2-1/2

[Event "21st Dubai Open 2019"]
[Site "Dubai"]
[Date "2019.04.08"]
[Round "8.5"]
[White "Iniyan, P."]
[Black "Can, Emre"]
[Result "1/2-1/2"]
[WhiteElo "2512"]
[BlackElo "2599"]
[Annotator "TA"]
[PlyCount "38"]
[EventDate "2019.04.01"]
[EventType "swiss"]
[EventCountry "UAE"]
[SourceTitle "playchess.com"]
[Source "ChessBase"]
[SourceQuality "1"]

{[%evp 21,38,5,0,0,0,-13,0,0,0,0,0,0,0,0,0,0,0,0,0]} 1. d4 Nf6 2. c4 g6 3. Nc3 d5 4. Nf3 Bg7 5. e3 O-O 6. Be2 c5 7. O-O cxd4 8. exd4 dxc4 9. Bxc4 Nc6 10. Re1 Na5 {D94: Grünfeld: 4 Nf3 Bg7 5 e3} 11. Bf1 b6 {LiveBook: 4 Games. The position is equal.} 12. Bg5 (12. Ne5 Bb7 13. Bg5 h6 14. Bf4 Rc8 15. Qd2 Kh7 16. Rad1 Nd5 17. h4 e6 18. h5 gxh5 19. Nxd5 Bxd5 {0-1 (53) Schreiner,P (2480)-Rapport,R (2726) Germany 2018}) 12... Bb7 13. Qd3 $146 ({Predecessor:} 13. Ne5 Nd5 14. Nxd5 Bxd5 15. b4 f6 16. bxa5 fxg5 17. Qd2 e6 18. Rac1 bxa5 {0-1 (45) Larsen,O (2203)-Chabanon,J (2493) Helsingor 2015}) 13... Rc8 14. Qe3 Re8 15. Bb5 Bc6 16. Ba6 Bb7 17. Bb5 Bc6 18. Ba6 Bb7 $1 {[%cal Rb7a6]} 19. Bb5 Bc6 1/2-1/2

[Event "21st Dubai Open 2019"]
[Site "Dubai"]
[Date "2019.04.08"]
[Round "8.6"]
[White "Le, Quang Liem"]
[Black "Deepan Chakkravarthy J."]
[Result "1-0"]
[WhiteElo "2711"]
[BlackElo "2534"]
[Annotator "TA"]
[PlyCount "81"]
[EventDate "2019.04.01"]
[EventType "swiss"]
[EventCountry "UAE"]
[SourceTitle "playchess.com"]
[Source "ChessBase"]
[SourceQuality "1"]

{[%evp 15,81,23,23,37,33,45,20,51,54,36,41,-4,-10,-2,0,0,32,28,44,28,33,47,46,29,44,49,59,21,20,15,14,17,136,106,92,71,82,77,82,85,93,0,59,0,79,35,29,31,111,116,295,252,285,278,433,334,313,325,333,287,522,504,681,672,727,539,1137,1032]} 1. e4 c5 2. Nc3 a6 3. Nge2 d6 4. d4 cxd4 5. Nxd4 Nf6 6. h3 e6 7. g4 b5 8. Bg2 Bb7 9. O-O {B81: Sicilian Scheveningen: Keres Attack} b4 (9... Nfd7 10. Re1 Be7 11. e5 d5 12. a4 b4 13. Nxd5 Bxd5 14. Bxd5 exd5 15. e6 O-O 16. exd7 Qxd7 {1-0 (44) Anand,V (2803)-Volokitin,A (2639) Berlin 2015}) 10. Nd5 $1 exd5 11. exd5 {Threatens to win with Re1+.The position is equal.} Be7 12. g5 $1 {[%cal Rg5f6]} Nfd7 13. Re1 O-O 14. Nc6 $1 {[%cal Rc6d8]} Bxc6 15. dxc6 Ne5 $146 {[#]} ({Predecessor:} 15... Nb6 16. Be3 Ra7 {1-0 (35) Vykouk,J (1992)-Marek,M (2003) Kouty nad Desnou 2013}) 16. c7 $1 {[%cal Rc7d8][%mdl 576] Discovered Attack} Qxc7 17. Bxa8 {Bd5 is the strong threat.} Nbc6 18. Bxc6 $1 Qxc6 19. Re3 Bxg5 20. Rb3 Bf6 21. a3 Ng6 22. axb4 Nh4 {[%csl Gh4][%cal Rc6g2]} 23. Rg3 {aiming for c3.} Qe4 (23... Re8 $11 {remains equal.}) 24. Raa3 Qxb4 25. Rg4 Qb7 26. Rb3 ({Inferior is} 26. Qxd6 Rd8 $17) 26... Qe7 27. Re3 Qb7 28. Rb3 Qe7 $1 29. Re3 Qb7 $1 30. c4 h5 31. Rge4 $36 {[%mdl 2048] White has the initiative.} g6 {[#]} (31... Nf5 $14) 32. Qd5 $1 $16 {[%cal Rd5b7]} ({Much weaker is} 32. Qxd6 $6 Bg5 $11) 32... Qc7 $2 (32... Qxd5 $16 {was necessary.} 33. cxd5 Nf5) 33. Rf4 $18 Qd8 34. Rg3 Kg7 (34... Be5 $142 35. Rxh4 {[%mdl 64] Remove Defender} Qxh4 36. Rxg6+ Kh8 37. Rh6+ Kg8) 35. Rxf6 Qxf6 36. Bg5 ({Weaker is} 36. Qxh5 Nf5 $15) 36... Qxb2 {White must now prevent ...Qb1+.} 37. Bxh4 Re8 $2 (37... Qe5 {keeps fighting.} 38. Ra3 Qxd5 39. cxd5 Ra8) 38. Rf3 {White is clearly winning.} Re6 39. Kg2 a5 40. Bd8 a4 41. Ba5 {Accuracy: White = 72%, Black = 35%.} 1-0